00529cam a22001937a 4500003000500000005001700005008004100022010001000063011001000073035001000083040000900093082001300102100002000115245011500135260002600250300001900276650002200295650001800317CHAP20220817041259.0971013s1990 r 00010 d a10225 a11197 a10435 cCHAP a634bH4800aHessayon, D. G.14aThe fruit expertb: a guide to choosing and growing garden fruit plus a complete section on shop-bought fruits aNorwich :bPbi,c1990 a128 p.b: ilus14aArboles frutales.14aFruticultura.